| 000 | 00527nam a2200169 i 4500 | ||
|---|---|---|---|
| 001 | 59503 | ||
| 003 | ES-MaACL | ||
| 007 | t| | ||
| 008 | 031029s1982 sp ||||1| spa d | ||
| 245 | 0 | 4 |
_aLas enseñanzas medias en España _b: resultados de la consulta. |
| 260 |
_a[Madrid] : _bDirección General de Enseñanza Media, _c1982. |
||
| 300 |
_a281 p. ; _c24 cm. |
||
| 490 | 1 |
_aEstudios de educación ; _v11 |
|
| 830 | 0 |
_aEstudios de educación ; _v11 _9183798 |
|
| 852 |
_aES-MaACL _jL-4073 _bR.104376 |
||
| 999 |
_c59503 _d59503 |
||